[Event "Match"]
[Site "www.echecsemail.com"]
[Date "2016.12.29"]
[Round "1"]
[White "Silent1"]
[Black "Raulazo"]
[WhiteElo "1930"]
[BlackElo "1910"]
[Result "0-1"]
[Round "1"]
1.d4 e6
2.c4 Bf8b4
3.Bc1d2 Qd8e7
4.e3 Nb8c6
5.a3 Bb4xd2
6.Qd1xd2 Ng8f6
7.Nb1c3 O-O
8.Bf1d3 e5
9.d5 Nc6a5
10.Qd2c2 g6
11.Nc3e4 b6
12.Ng1f3 d6
13.Ne4xf6 Qe7xf6
14.e4 Bc8g4
15.Bd3e2 Bg4xf3
16.Be2xf3 Na5b7
17.b4 Rf8e8
18.O-O a5
19.Qc2d3 a4
20.Qd3e3 Kg7
21.g3 h6
22.Bf3g2 Re8h8
23.Qe3f3 Qf6e7
24.h4 Ra8f8
25.Qf3d1 Rf8a8
26.Qd1e2 g5
27.hxg5 Qe7xg5
28.Bg2h3 h5
29.Ra1a2 Ra8g8
30.Qe2e3 Qg5g6
31.Bh3f5 Qg6f6
32.f3 Kf8
33.Ra2g2 Qf6g5
34.Qe3xg5 Rg8xg5
35.f4 Rg5g8
36.Rf1f3 h4
37.gxh4 Rh8xh4
38.fxe5 dxe5
39.Rg2xg8 Kxg8
40.Rf3g3 Kf8
41.Kg2 Nb7d6
42.Bf5d7 Nd6xe4
43.Rg3e3 f6
44.Bd7xa4 Ne4d6
45.Ba4b3 Nd6f5
46.Re3f3 Rh4g4
47.Kf2 Nf5d4
48.Rf3xf6 Ke7
49.Rf6h6 Nd4xb3
50.Rh6e6 Kd7
51.Re6xe5 Rg4xc4
52.Ke3 Kd6
53.Re5h5 Nb3a1
54.Kd3 b5
55.Rh5h1 Na1b3
{ resign }
0-1

[Event "1/8 Finale"]
[Site "www.chess-mail.com"]
[Date "2016.12.29"]
[Round "1"]
[White "Papaours"]
[Black "Asoka"]
[WhiteElo "2360"]
[BlackElo "2710"]
[Result "0-1"]
[Round "1"]
1.d4 Ng8f6
2.c4 e6
3.g3 b6
4.Bf1g2 d5
5.Ng1f3 Bf8e7
6.O-O O-O
7.Nf3e5 c6
8.Nb1c3 Bc8a6
9.cxd5 cxd5
10.Bc1f4 Nf6d7
11.Nc3xd5 exd5
12.Ne5xf7 Rf8xf7
13.Bg2xd5 Nb8c6
14.Bd5xc6 Nd7f6
15.Bc6xa8 Qd8xa8
16.f3 Nf6d5
17.Bf4d2 Be7f6
18.Kh1 Nd5e7
19.Rf1e1 Bf6xd4
20.Qd1a4 Rf7xf3
21.e4 Rf3f1
22.Kg2 Rf1g1
23.Kf3 Ne7c6
24.Qa4xa6 Nc6e5
25.Ke2 Qa8xe4
26.Kd1 Rg1xe1
27.Bd2xe1 Bd4xb2
28.Ra1c1 Bb2xc1
29.Qa6c8 Kf7
30.Qc8xc1 Qe4xe1
31.Kxe1 Ne5d3
32.Kd2 Nd3xc1
33.Kxc1 Ke6
34.Kd2 Kf5
35.h3 Ke4
{ resign }
0-1

[Event "Fast Game"]
[Site "www.echecsemail.com"]
[Date "2016.12.29"]
[Round "1"]
[White "Mitja"]
[Black "Attatroll"]
[WhiteElo "1730"]
[BlackElo "1860"]
[Result "1-0"]
[Round "1"]
1.d4 e5
2.dxe5 Nb8c6
3.Ng1f3 Qd8e7
4.Qd1d5 Qe7b4
5.c3 Qb4a5
6.Qd5xa5 Nc6xa5
7.Bc1f4 Ng8e7
8.e3 Ne7d5
9.Bf4g3 Bf8e7
10.Nb1d2 O-O
11.Nd2b3 Na5xb3
12.axb3 b6
13.Bf1c4 c6
14.O-O Bc8b7
15.Rf1d1 Ra8d8
16.Bg3h4 Be7xh4
17.Nf3xh4 a5
18.Nh4f5 b5
19.Bc4xd5 cxd5
20.f4 g6
21.Nf5d6 Bb7c6
22.Ra1xa5 Rd8a8
23.b4 Ra8xa5
24.bxa5 Rf8a8
25.b4 Kf8
26.g4 Ke7
27.g5 Ke6
28.Kf2 Ra8a6
29.Rd1d4 Ra6a8
30.e4 dxe4
31.Nd6xe4 Bc6xe4
32.Rd4xe4 Kd5
33.Re4d4 Kc6
34.Ke3 Ra8a7
35.h4 Ra7a8
36.Rd4d6 Kc7
37.Kd4 Ra8b8
38.Kc5 Kd8
39.Rd6b6 Rb8c8
40.Kd4 Rc8c4
41.Kd3 Rc4xf4
42.a6 Rf4c4
43.Rb6xb5 Rc4c7
44.Kd4 Kc8
45.c4 Rc7a7
46.Rb5a5 Kc7
47.Kc5 Ra7a8
48.b5 Ra8c8
49.b6 Kb8
50.Kd5 Rc8c6
51.a7 { resign }
1-0

[Event "Fast Game"]
[Site "www.echecsemail.com"]
[Date "2016.12.29"]
[Round "1"]
[White "Kollipaa"]
[Black "Jobeye"]
[WhiteElo "1700"]
[BlackElo "1629"]
[Result "1-0"]
[Round "1"]
1.b3 c6
2.Bc1b2 f6
3.e4 h5
4.Bf1e2 g6
5.Ng1h3 Rh8h7
6.Nh3f4 Rh7g7
7.Nf4xg6 Rg7h7
8.Ng6h4 e5
9.Be2xh5 Ke7
10.Nh4f5 Ke6
11.Qd1g4 Rh7xh5
12.Qg4xh5 Ng8e7
13.Qh5g4 Ne7xf5
14.exf5 { resign }
1-0

[Event "Fast Game"]
[Site "www.echecsemail.com"]
[Date "2016.12.29"]
[Round "1"]
[White "Attatroll"]
[Black "Yoj"]
[WhiteElo "1870"]
[BlackElo "1599"]
[Result "1/2-1/2"]
[Round "1"]
1.e4 e6
2.f4 d5
3.exd5 Qd8xd5
4.Nb1c3 Qd5c5
5.d4 Qc5e7
6.Ng1f3 b6
7.Bf1b5 Bc8d7
8.Nf3e5 Bd7xb5
9.Nc3xb5 Qe7b4
10.Nb5c3 f6
11.Qd1h5 g6
12.Ne5xg6 hxg6
13.Qh5xh8 Ng8h6
14.Qh8xf6 Nh6f5
15.Qf6xe6 Bf8e7
16.Qe6xg6 { draw }
1/2-1/2

[Event "Tourn. n9063"]
[Site "www.chess-mail.com"]
[Date "2016.12.30"]
[Round "1"]
[White "Llcervello"]
[Black "Cernunnoss"]
[WhiteElo "1650"]
[BlackElo "1700"]
[Result "0-1"]
[Round "1"]
1.e4 d5
2.Bf1d3 dxe4
3.Bd3xe4 Ng8f6
4.Qd1f3 Nf6xe4
5.Qf3xe4 c6
6.c3 Nb8d7
7.Ng1f3 Nd7f6
8.Qe4e3 Bc8f5
9.Nb1a3 e6
10.d4 Bf8xa3
11.bxa3 O-O
12.h3 h6
13.g4 Bf5h7
14.O-O Nf6d5
15.Qe3e5 Nd5xc3
16.Bc1d2 Nc3d5
17.h4 Qd8f6
18.Qe5e2 Rf8d8
19.g5 Qf6f5
20.Kh2 Nd5f4
21.Nf3g1 Nf4xe2
22.Ng1xe2 Qf5d3
23.gxh6 Qd3xd2
24.hxg7 Qd2xe2
25.Ra1e1 Qe2g4
26.Rf1g1 Qg4xh4
27.Kg2 Rd8xd4
28.Kf1 Bh7d3
29.Kg2 Rd4g4
30.Kf3 Rg4f4
31.Ke3 Qh4xf2
32.Kxd3 Ra8d8
33.Kc3 Qf2d2
34.Kb3 Rd8d3
{ resign }
0-1

[Event "Tourn. n9078"]
[Site "www.chess-mail.com"]
[Date "2016.12.30"]
[Round "1"]
[White "Crull"]
[Black "Snickers"]
[WhiteElo "1790"]
[BlackElo "1880"]
[Result "1-0"]
[Round "1"]
1.d4 Ng8f6
2.c4 g6
3.Ng1f3 d6
4.Nb1c3 Bf8g7
5.Bc1f4 O-O
6.e3 Nb8d7
7.Bf1d3 c5
8.d5 Nf6h5
9.Bf4g5 Nh5f6
10.O-O h6
11.Bg5h4 a6
12.e4 b6
13.a4 Bc8b7
14.b3 Nf6h5
15.Rf1e1 Nh5f4
16.e5 Nf4xd3
17.Qd1xd3 dxe5
18.Nc3e4  { time }
1-0

[Event "Tourn. n8935"]
[Site "www.chess-mail.com"]
[Date "2016.12.30"]
[Round "1"]
[White "Tartan"]
[Black "Pimpampum"]
[WhiteElo "2430"]
[BlackElo "2240"]
[Result "1-0"]
[Round "1"]
1.e4 e5
2.Ng1f3 Ng8f6
3.Nf3xe5 d6
4.Ne5f3 Nf6xe4
5.d4 d5
6.Bf1d3 Bf8e7
7.O-O O-O
8.c4 c6
9.Rf1e1 Ne4f6
10.Nf3e5 Nb8d7
11.Nb1c3 dxc4
12.Ne5xc4 Nd7b6
13.Bc1g5 Rf8e8
14.Nc4e3 Bc8e6
15.Ne3f5 Be6xf5
16.Bd3xf5 Nf6d5
17.Bg5d2 Nb6c4
18.Bd2c1 Nc4d6
19.Bf5g4 Nd5c7
20.Bc1f4 Be7f6
21.Re1xe8 Nc7xe8
22.b3 Ne8c7
23.a4 Nd6c8
24.Ra1c1 Nc8e7
25.Nc3e4 Nc7d5
26.Ne4xf6 Nd5xf6
27.Bg4f3 Nf6d5
28.Bf4g5 Qd8d7
29.Bf3g4 Qd7d6
30.Qd1d3 Ne7g6
31.Rc1e1 h6
32.Bg5d2 Ra8d8
33.Qd3f3 Nd5f6
34.Bd2c3 Qd6f4
35.Qf3xf4 Ng6xf4
36.Bg4f3 Nf4d5
37.Bc3a5 Rd8e8
38.Kf1 Kf8
39.Re1e2 Nd5f4
40.Ba5b4 Kg8
41.Re2xe8 Nf6xe8
42.Bb4c5 a6
43.g3 Nf4e6
44.Bc5a7 Ne8f6
45.Ke2 Kf8
46.Kd3 Ke7
47.a5 Ne6g5
48.Bf3g2 Kd7
49.f4 Ng5e6
50.f5 Ne6c7
51.Ba7c5 Nc7e8
52.Bc5f8 Nf6h7
53.Bf8a3 Nh7f6
54.Ba3f8 Nf6h7
55.Bf8b4 Nh7f6
56.Bg2f3 h5
57.h3 g6
58.fxg6 fxg6
59.g4  { time }
1-0

[Event "Tourn. n9063"]
[Site "www.chess-mail.com"]
[Date "2016.12.30"]
[Round "1"]
[White "Cernunnoss"]
[Black "Mao"]
[WhiteElo "1700"]
[BlackElo "1900"]
[Result "1-0"]
[Round "1"]
1.e4 c5
2.Ng1f3 d6
3.d4 cxd4
4.Qd1xd4 Nb8c6
5.Bf1b5 Bc8d7
6.Bb5xc6 Bd7xc6
7.Nb1c3 Ng8f6
8.Bc1g5 e5
9.Qd4d3 Bf8e7
10.O-O Qd8c7
11.Ra1d1 Ra8d8
12.Nf3d2 h6
13.Bg5h4 O-O
14.Bh4xf6 Be7xf6
15.Nd2c4 Bf6e7
16.Nc4e3 Qc7b6
17.b3 Qb6a5
18.Nc3d5 Bc6xd5
19.Ne3xd5 Rf8e8
20.c4 a6
21.a4 Rd8c8
22.Nd5xe7 Re8xe7
23.Qd3xd6 Rc8e8
24.Qd6d3 Qa5b4
25.Qd3e3 Re7c7
26.Rd1d5 f6
27.Rf1d1 Re8c8
28.g3 Kh8
29.Rd5d6 Kh7
30.Qe3f3 Qb4a3
31.Qf3f5 Kg8
32.Qf5g6 Kf8
33.Rd6d8 Rc8xd8
34.Rd1xd8 { resign }
1-0

[Event "Tourn. n9048"]
[Site "www.chess-mail.com"]
[Date "2016.12.30"]
[Round "1"]
[White "Francesco"]
[Black "Falcoale"]
[WhiteElo "1940"]
[BlackElo "1860"]
[Result "1-0"]
[Round "1"]
1.e4 c5
2.Ng1f3 e6
3.d4 cxd4
4.Nf3xd4 a6
5.Nb1c3 Nb8c6
6.Nd4xc6 bxc6
7.Bc1f4 Bc8b7
8.Bf4d6 Bf8xd6
9.Qd1xd6 Ng8e7
10.O-O-O O-O
11.Qd6xd7 Ra8b8
12.Qd7xd8 Rf8xd8
13.Bf1e2 Ne7g6
14.g3 c5
15.f4 Rd8d4
16.Rh1e1 Ng6e7
17.e5 Ne7f5
18.Be2f1 Rb8d8
19.Rd1xd4 cxd4
20.Nc3a4 Rd8c8
21.Na4b6 Rc8c6
22.Nb6c4 Rc6c7
23.Re1d1 Bb7d5
24.Nc4d6 Nf5xd6
25.exd6 Rc7d7
26.Rd1xd4 Rd7xd6
27.c4 Rd6c6
28.Kb1 g6
29.cxd5 exd5
30.Bf1g2 Rc6e6
31.Bg2xd5 Re6e1
32.Kc2 Re1e2
33.Rd4d2 Re2e7
34.b4 Re7c7
35.Kb3 Kg7
36.Bd5c4 { resign }
1-0

[Event "Tourn. n9018"]
[Site "www.chess-mail.com"]
[Date "2016.12.30"]
[Round "1"]
[White "Egdiogel"]
[Black "Sachpat"]
[WhiteElo "2220"]
[BlackElo "2480"]
[Result "0-1"]
[Round "1"]
1.e4 e5
2.Ng1f3 Nb8c6
3.Bf1b5 a6
4.Bb5a4 Ng8f6
5.O-O Bf8e7
6.Rf1e1 b5
7.Ba4b3 O-O
8.c3 d6
9.a4 Bc8d7
10.d3 Nc6a5
11.Bb3c2 c5
12.Nb1d2 Qd8c7
13.Nd2f1 b4
14.cxb4 cxb4
15.Nf1e3 Bd7e6
16.d4 Rf8c8
17.b3 d5
18.Nf3xe5 dxe4
19.Bc1b2 Be7d6
20.Ra1c1 Qc7d8
21.Re1e2 Ra8a7
22.Re2e1 Bd6f8
23.f3 exf3
24.Ne5xf3 Nf6d5
25.Qd1d3 g6
26.Ne3xd5 Be6xd5
27.Bc2d1 Ra7e7
28.Re1xe7 Bf8xe7
29.Bd1c2 Be7f6
30.Rc1f1 Qd8b6
31.Rf1f2 Rc8d8
32.Qd3e3 Bf6g7
33.Nf3e5 Rd8e8
34.Qe3d3 Qb6e6
35.Qd3d2 Na5c6
36.Ne5xc6 Qe6xc6
37.Bc2d1 Qc6b6
38.h4 h5
39.Bd1c2 a5
40.Bc2d1 Kh7
41.Qd2d3 Re8e1
42.Rf2f1 Qb6e6
43.Kf2 Re1e4
{ resign }
0-1

[Event "Tourn. n9078"]
[Site "www.chess-mail.com"]
[Date "2016.12.30"]
[Round "1"]
[White "Falcoale"]
[Black "Pariolinius"]
[WhiteElo "1860"]
[BlackElo "1870"]
[Result "0-1"]
[Round "1"]
1.e4 c5
2.Ng1f3 d6
3.d4 cxd4
4.Nf3xd4 Ng8f6
5.Nb1c3 a6
6.Bf1d3 e5
7.Nd4f3 Nb8c6
8.O-O Bf8e7
9.h3 O-O
10.Nf3h2 Nc6d4
11.f4 Qd8b6
12.Kh1 Bc8d7
13.fxe5 dxe5
14.Nh2f3 Nd4xf3
15.Rf1xf3 Ra8c8
16.Nc3e2 Bd7b5
17.Bc1g5 Rf8d8
18.Qd1f1 Bb5xd3
19.cxd3 Qb6xb2
20.Rf3g3 Rc8c2
21.Rg3e3 Rd8c8
22.Kh2 Be7c5
23.Re3g3 Nf6h5
24.Ra1b1 Qb2xa2
25.Rg3g4 b5
26.Rb1a1 Qa2b2
27.Ne2f4 Nh5xf4
28.Bg5xf4 Rc2f2
{ resign }
0-1

[Event "Tourn. n8903"]
[Site "www.chess-mail.com"]
[Date "2016.12.30"]
[Round "1"]
[White "Yakke"]
[Black "Ztornad"]
[WhiteElo "1780"]
[BlackElo "1770"]
[Result "0-1"]
[Round "1"]
1.e4 e5
2.Qd1h5 Qd8f6
3.Bf1c4 g6
4.Qh5f3 Qf6xf3
5.Ng1xf3 d6
6.d3 Bc8e6
7.Bc4xe6 fxe6
8.Nb1c3 Nb8c6
9.O-O Nc6d4
10.Nf3xd4 exd4
11.Nc3b5 O-O-O
12.Nb5xa7 Kb8
13.Na7b5 e5
14.Bc1d2 Bf8h6
15.Bd2a5 b6
16.Ba5b4 Bh6f8
17.Bb4d2 c6
18.Nb5a3 d5
19.c3 dxc3
20.Bd2xc3 d4
21.Bc3d2 Bf8h6
22.Bd2b4 Bh6f8
23.Bb4xf8 Rd8xf8
24.Na3c4 Rf8e8
25.Nc4xb6 Ng8f6
26.Ra1c1 Re8e6
27.f3 Kb7
28.Nb6c4 Nf6d7
29.Nc4a5 Kb6
30.Na5c4 Kc7
31.a3 Rh8b8
32.b4 c5
33.Nc4a5 Re6a6
34.Na5c4 h5
35.Rc1a1 cxb4
36.Rf1b1 b3
37.g3 Rb8b5
38.a4 Rb5b4
39.Nc4b2 Kb7
40.Nb2c4 g5
41.h3 h4
42.g4 Ra6f6
43.Kg2 Rf6e6
44.Nc4d2 Nd7c5
45.a5 b2
46.Ra1a2 Nc5xd3
47.Rb1d1 Re6c6
48.Ra2a3 Nd3f4
49.Kh2 Rc6c2
50.a6 Ka7
51.Ra3a5 b1Q
52.Rd1xb1 Rc2xd2
{ resign }
0-1

[Event "Tourn. n9036"]
[Site "www.chess-mail.com"]
[Date "2016.12.30"]
[Round "1"]
[White "Madz123456"]
[Black "Traub"]
[WhiteElo "1450"]
[BlackElo "1310"]
[Result "1-0"]
[Round "1"]
1.e4 e5
2.Ng1f3 Nb8c6
3.Bf1b5 a6
4.Bb5a4 Ng8f6
5.d3 b5
6.Ba4b3 h6
7.O-O Bf8e7
8.a4 b4
9.Bb3d5 Nf6xd5
10.exd5 Nc6d4
11.Nf3xe5 Bc8b7
12.Bc1e3 Nd4f5
13.Qd1g4 Nf5xe3
14.Qg4xg7 Ne3xf1
15.Qg7xf7 { resign }
1-0

[Event "Tourn. n9149"]
[Site "www.chess-mail.com"]
[Date "2016.12.30"]
[Round "1"]
[White "Bojan"]
[Black "Mitja"]
[WhiteElo "2020"]
[BlackElo "2010"]
[Result "0-1"]
[Round "1"]
1.e4 d5
2.exd5 Qd8xd5
3.Nb1c3 Qd5d8
4.Ng1f3 e6
5.a3 c6
6.d3 h6
7.Bc1f4 Ng8e7
8.Nf3e5 Nb8d7
9.Qd1f3 Nd7xe5
10.Bf4xe5 Ne7g6
11.Be5g3 Bf8e7
12.Bf1e2 Be7f6
13.Nc3e4 Bf6e7
14.c3 Qd8d7
15.Ra1d1 b6
16.b4 Bc8b7
17.Qf3e3 O-O
18.O-O Rf8d8
19.d4 Qd7d5
20.c4 Qd5d7
21.h4 Be7xh4
22.Bg3xh4 Ng6xh4
23.Be2h5 Nh4f5
24.Qe3f4 Qd7e7
25.Ne4c3 Qe7f6
26.Nc3e4 Qf6e7
27.c5 Bb7a6
28.Rf1e1 bxc5
29.dxc5 Rd8xd1
30.Re1xd1 Ra8d8
31.Qf4f3 Rd8xd1
32.Qf3xd1 Ba6b7
33.Qd1d3 g6
34.Bh5e2 h5
35.g3 a6
36.a4 Kg7
37.Kg2 f6
38.f3 e5
39.g4 hxg4
40.fxg4 Nf5d4
41.Be2d1 Nd4e6
42.Ne4d6 Ne6f4
{ resign }
0-1

[Event "Tourn. n9066"]
[Site "www.chess-mail.com"]
[Date "2016.12.30"]
[Round "1"]
[White "Tartan"]
[Black "Greghghs"]
[WhiteElo "2450"]
[BlackElo "2300"]
[Result "1/2-1/2"]
[Round "1"]
1.e4 c5
2.Ng1f3 d6
3.d4 cxd4
4.Nf3xd4 Ng8f6
5.Nb1c3 Nb8c6
6.Bc1g5 Bc8d7
7.Qd1d2 Ra8c8
8.O-O-O Nc6xd4
9.Qd2xd4 Qd8a5
10.Bg5d2 a6
11.f3 g6
12.Kb1 Bf8g7
13.Nc3d5 Qa5a4
14.Qd4xa4 Bd7xa4
15.Nd5xf6 Bg7xf6
16.Bf1d3 Ba4d7
17.Rh1e1 h5
18.Bd2e3 g5
19.Bd3e2 Bd7c6
20.Be2d3 Bc6d7
21.Bd3e2 Bd7e6
{ draw }
1/2-1/2

[Event "Tourn. n9120"]
[Site "www.chess-mail.com"]
[Date "2016.12.30"]
[Round "1"]
[White "Caspito"]
[Black "Autmich"]
[WhiteElo "1880"]
[BlackElo "1649"]
[Result "0-1"]
[Round "1"]
1.e4 e5
2.Ng1f3 Nb8c6
3.Bf1c4 Bf8c5
4.O-O Ng8f6
5.d3 O-O
6.Nf3g5 d6
7.Bc4d5 h6
8.Ng5xf7 Rf8xf7
9.Bd5xf7 Kxf7
10.c3 Bc8e6
11.Qd1f3 Qd8e7
12.Nb1d2 Ra8f8
13.a3 Kg8
14.Qf3g3 Qe7f7
15.Nd2f3 Nf6h5
16.Qg3h4 Nh5f4
17.Bc1xf4 Qf7xf4
18.b4 Qf4xh4
19.Nf3xh4 Bc5b6
20.a4 a6
21.b5 axb5
22.axb5 Nc6e7
23.c4 Be6g4
24.Ra1a2 g5
25.Nh4f5 Ne7xf5
26.exf5 Bg4xf5
27.Rf1d1 Bf5g6
28.g3 Bg6h5
29.Rd1d2 Rf8f3
30.Ra2a8 Kg7
31.Ra8b8 Bh5g6
32.Kg2 Rf3xd3
33.Rd2xd3 Bg6xd3
34.c5 Bb6xc5
35.f3 Bd3xb5
36.Rb8xb7 Bc5b6
37.Rb7b8 d5
{ resign }
0-1

[Event "Tourn. n9066"]
[Site "www.chess-mail.com"]
[Date "2016.12.30"]
[Round "1"]
[White "Ejner"]
[Black "Tartan"]
[WhiteElo "2450"]
[BlackElo "2450"]
[Result "1/2-1/2"]
[Round "1"]
1.d4 Ng8f6
2.c4 e6
3.Ng1f3 Bf8b4
4.Bc1d2 Bb4xd2
5.Qd1xd2 b6
6.g3 O-O
7.Bf1g2 Bc8b7
8.Nb1c3 d6
9.O-O Nf6e4
10.Nc3xe4 Bb7xe4
11.Nf3e1 Be4xg2
12.Ne1xg2 Nb8d7
13.e4 e5
14.Ra1d1 Qd8f6
15.f4 exd4
16.Qd2xd4 Qf6xd4
{ draw }
1/2-1/2

[Event "Tourn. n9002"]
[Site "www.chess-mail.com"]
[Date "2016.12.30"]
[Round "1"]
[White "Marbachess"]
[Black "Ejner"]
[WhiteElo "2660"]
[BlackElo "2450"]
[Result "1-0"]
[Round "1"]
1.f4 d6
2.Ng1f3 Bc8g4
3.b3 Bg4xf3
4.exf3 g6
5.Bc1b2 Ng8f6
6.Qd1e2 Nb8d7
7.Nb1c3 Bf8g7
8.O-O-O O-O
9.f5 gxf5
10.g4 f4
11.g5 Nf6e8
12.Qe2e4 Nd7c5
13.Qe4xf4 e5
14.Qf4g4 a5
15.f4 f5
16.gxf6 Ne8xf6
17.Qg4g2 e4
18.Rh1g1 Qd8d7
19.Nc3d5 Nf6e8
20.Rd1e1 Kh8
21.d4 exd3
22.Re1e7 Rf8g8
23.Kd2 Ne8f6
24.Re7xd7 Nf6e4
25.Ke3 { resign }
1-0

[Event "Tourn. n9018"]
[Site "www.chess-mail.com"]
[Date "2016.12.30"]
[Round "1"]
[White "Sachpat"]
[Black "Kampungboy"]
[WhiteElo "2480"]
[BlackElo "2540"]
[Result "1/2-1/2"]
[Round "1"]
1.e4 Ng8f6
2.e5 Nf6d5
3.d4 d6
4.Ng1f3 dxe5
5.Nf3xe5 c6
6.Bf1c4 g6
7.O-O Bf8g7
8.Rf1e1 Nb8d7
9.Ne5f3 Nd7f6
10.c3 O-O
11.Nb1d2 Bc8f5
12.Nd2f1 Bf5e6
13.Bc4b3 a5
14.a4 Qd8c7
15.h3 Ra8d8
16.Bc1g5 c5
17.Nf1g3 b6
18.Qd1d2 Be6c8
19.h4 h5
20.Bg5h6 cxd4
21.cxd4 Qc7d6
22.Bh6xg7 Kxg7
23.Qd2g5 Qd6f4
24.Qg5xf4 Nd5xf4
25.Re1xe7 Nf6d5
26.Re7a7 Rd8d7
27.Ra7xd7 Bc8xd7
28.Bb3c4 Rf8d8
29.Ng3e4 Bd7g4
30.Nf3e5 Nd5b4
31.Bc4xf7 Rd8xd4
32.Ne4g5 Nb4c2
33.Ra1b1 Bg4f5
34.Bf7c4 Nc2a3
35.Rb1c1 Na3xc4
36.Rc1xc4 Rd4xc4
37.Ne5xc4 Nf4d5
38.b3 Bf5c2
39.Nc4d2 Kf6
40.Ng5f3 Ke7
41.Nf3e1 Bc2d1
42.Kf1 Nd5c3
43.f3 Nc3e2
{ draw }
1/2-1/2

[Event "Tourn. n9124"]
[Site "www.chess-mail.com"]
[Date "2016.12.30"]
[Round "1"]
[White "Autmich"]
[Black "Nulladies"]
[WhiteElo "1649"]
[BlackElo "1870"]
[Result "0-1"]
[Round "1"]
1.e4 c5
2.Ng1f3 g6
3.d4 cxd4
4.Nf3xd4 Bf8g7
5.Nb1c3 Nb8c6
6.Bc1e3 Qd8b6
7.Nd4b3 Bg7xc3
8.bxc3 Qb6c7
9.Bf1d3 Nc6e5
10.Be3d4 d6
11.f4 Ne5xd3
12.cxd3 e5
13.fxe5 dxe5
14.Bd4e3 Qc7xc3
15.Qd1d2 Qc3xd2
16.Be3xd2 Ng8e7
17.Bd2g5 h6
18.Bg5f6 Rh8h7
19.Bf6xe5 Ne7c6
20.Be5b2 f5
21.e5 Bc8e6
22.Nb3c5 Nc6d8
23.Nc5xe6 Nd8xe6
24.O-O Rh7d7
25.Rf1d1 Ra8d8
26.d4 Rd7d5
27.Ra1c1 Ne6xd4
28.Rd1d2 Nd4f3
29.gxf3 Rd5xd2
30.Bb2a1 Rd2e2
{ resign }
0-1

[Event "Match"]
[Site "www.echecsemail.com"]
[Date "2016.12.30"]
[Round "1"]
[White "Fatmike02"]
[Black "Wagner"]
[WhiteElo "1749"]
[BlackElo "1830"]
[Result "1-0"]
[Round "1"]
1.e4 e5
2.Ng1f3 f6
3.d4 d6
4.dxe5 fxe5
5.Nf3g5 h6
6.Qd1h5 Kd7
7.Qh5f7 Kc6
8.Qf7b3 Kd7
9.Ng5f7 Qd8f6
10.Nf7xh8 Ng8e7
11.Nb1c3 Ke8
12.Bf1c4 d5
13.Nc3xd5 Ne7xd5
14.Bc4xd5 Bf8c5
15.Qb3f3 Qf6xf3
16.gxf3 c6
17.Bd5b3 Nb8d7
18.Rh1g1 g5
19.h4 Bc5e7
20.hxg5 h5
21.g6 Be7f6
22.g7 Bf6xg7
23.Rg1xg7 Kd8
24.Bc1g5 Kc7
25.O-O-O a5
26.Bb3e6 Kb6
27.Bg5e3 Nd7c5
28.Be3xc5 Kxc5
29.Be6xc8 Ra8xc8
30.Nh8g6 Rc8e8
31.Rg7e7 { resign }
1-0

[Event "Match"]
[Site "www.echecsemail.com"]
[Date "2016.12.30"]
[Round "1"]
[White "Liencam2"]
[Black "Fatmike02"]
[WhiteElo "2290"]
[BlackElo "1749"]
[Result "1-0"]
[Round "1"]
1.e4 c6
2.d4 d5
3.f3 dxe4
4.Nb1c3 exf3
5.Ng1xf3 Bc8g4
6.Bf1c4 e6
7.O-O Ng8f6
8.Bc1g5 Bf8e7
9.Qd1d2 Nb8d7
10.Qd2f4 Bg4xf3
11.Qf4xf3 O-O
12.Ra1d1 a6
13.Bc4d3 Qd8b6
14.Nc3a4 Qb6c7
15.Qf3h3 g6
16.Qh3h4 b6
17.Rf1f3 b5
18.Na4c3 c5
19.Nc3e4 cxd4
20.Ne4xf6 Nd7xf6
21.Rf3xf6 Be7xf6
22.Bg5xf6 h5
23.Qh4g5 Kh7
24.Qg5xh5 { resign }
1-0

[Event "Match"]
[Site "www.echecsemail.com"]
[Date "2016.12.30"]
[Round "1"]
[White "Orae"]
[Black "Wagner"]
[WhiteElo "1710"]
[BlackElo "1830"]
[Result "0-1"]
[Round "1"]
1.e4 e5
2.Ng1f3 Nb8c6
3.d4 d5
4.dxe5 d4
5.Bf1b5 Qd8e7
6.Bc1g5 f6
7.Bg5h4 Qe7b4
8.c3 Qb4xb5
9.b3 Bc8g4
10.c4 Qb5a5
11.Nb1d2 Ra8d8
12.O-O Nc6xe5
13.h3 Bg4e6
14.Bh4g3 Bf8b4
15.Bg3xe5 fxe5
16.Nd2b1 Ng8f6
17.Nf3g5 Be6d7
18.Qd1f3 h6
19.Ng5f7 Kxf7
20.a3 Bb4c5
21.Qf3e2 Bd7c6
22.Nb1d2 d3
23.Qe2e1 Bc5d4
24.b4 Qa5a4
25.Kh2 Bd4c3
26.Ra1a2 Nf6xe4
27.f3 Ne4xd2
28.Rf1f2 Nd2xc4
29.Qe1xc3 Rd8d4
30.Kg3 Rh8d8
31.f4 d2
32.fxe5 Kg8
33.Ra2xd2 Nc4xd2
34.Rf2xd2 Rd4xd2
35.Qc3c4 Kh7
36.e6 Rd8d3
37.Kh2 Rd2xg2
{ resign }
0-1

[Event "Match"]
[Site "www.echecsemail.com"]
[Date "2016.12.30"]
[Round "1"]
[White "Scotland"]
[Black "Luke1302"]
[WhiteElo "1499"]
[BlackElo "1499"]
[Result "1-0"]
[Round "1"]
1.e4 d6
2.d4 Qd8d7
3.Ng1f3 f6
4.Bf1e2 b6
5.c4 Nb8c6
6.O-O g6
7.Nb1c3 Bc8b7
8.a3 Bf8g7
9.Bc1e3 Nc6a5
10.b4 Na5c6
11.c5 g5
12.d5 Nc6e5
13.Nf3xe5 dxe5
14.c6 Bb7xc6
15.dxc6 Qd7xc6
16.Be2b5 Qc6xb5
17.Nc3xb5 Ra8c8
18.Nb5xa7 Rc8a8
19.Na7b5 e6
20.Nb5xc7 { resign }
1-0

[Event "Match"]
[Site "www.echecsemail.com"]
[Date "2016.12.30"]
[Round "1"]
[White "Rangerider"]
[Black "Liencam2"]
[WhiteElo "1809"]
[BlackElo "2320"]
[Result "0-1"]
[Round "1"]
1.Nb1c3 c5
2.Ng1f3 e6
3.e4 a6
4.Bf1e2 Nb8c6
5.O-O Ng8f6
6.d4 cxd4
7.Nf3xd4 Qd8c7
8.Bc1e3 Bf8b4
9.Nd4xc6 bxc6
 { time }
0-1

[Event "1/128 Finale"]
[Site "www.chess-mail.com"]
[Date "2016.12.30"]
[Round "1"]
[White "Piriot"]
[Black "Guidom"]
[WhiteElo "1799"]
[BlackElo "2150"]
[Result "1-0"]
[Round "1"]
1.Ng1f3 d5
2.d4 c6
3.c4 e6
4.Nb1c3 Ng8f6
5.Bc1g5 Bf8e7
6.e3 O-O
7.Qd1c2 h6
8.Bg5xf6 Be7xf6
9.Bf1d3 Nb8d7
10.O-O dxc4
11.Bd3xc4 e5
12.Ra1d1 exd4
13.Nf3xd4 Nd7b6
14.Nd4e6 Bc8xe6
15.Rd1xd8 Be6xc4
16.Rd8xf8 Kxf8
17.Rf1d1 Nb6d5
18.Nc3xd5 Bc4xd5
19.e4 Bd5e6
20.Qc2c5 Bf6e7
21.Qc5a5 b6
22.Qa5a6 Be6c8
23.Qa6a4 b5
24.Qa4a5 Bc8e6
25.a3 Be7c5
26.Rd1d8 Ra8xd8
27.Qa5xd8 { resign }
1-0

[Event "Eq:SIETE ESTRELLAS VERDES-Equipo Juan Diaz : "]
[Site "www.chess-mail.com"]
[Date "2016.12.30"]
[Round "1"]
[White "Caspito"]
[Black "Ilusion"]
[WhiteElo "1880"]
[BlackElo "2180"]
[Result "0-1"]
[Round "1"]
1.e4 c5
2.d4 cxd4
3.Qd1xd4 Nb8c6
4.Qd4d1 d6
5.Nb1c3 e6
6.Bf1b5 Bc8d7
7.Bb5xc6 Bd7xc6
8.Ng1h3 Ng8f6
9.Qd1f3 Bf8e7
10.O-O O-O
11.b3 Ra8c8
12.Qf3g3 Nf6xe4
13.Nc3xe4 Bc6xe4
14.Bc1h6 Be4g6
15.Bh6g5 Be7xg5
16.Nh3xg5 Rc8xc2
17.Rf1d1 d5
18.a4 Qd8b6
19.h4 Rf8c8
20.Ra1c1 Rc2xc1
21.Rd1xc1 Rc8xc1
22.Kh2 Qb6c7
23.f4 Rc1c3
{ resign }
0-1

[Event "Fast Game"]
[Site "www.echecsemail.com"]
[Date "2016.12.30"]
[Round "1"]
[White "Attatroll"]
[Black "Pellix84"]
[WhiteElo "1870"]
[BlackElo "1670"]
[Result "1-0"]
[Round "1"]
1.e4 c5
2.Nb1c3 d6
3.f4 g6
4.Ng1f3 Nb8c6
5.Bf1b5 Bf8g7
6.O-O Bc8d7
7.d3 Nc6d4
8.Bb5xd7 Qd8xd7
9.Bc1e3 Ng8h6
10.Nc3d5 Nh6g4
11.Be3xd4  { time }
1-0

[Event "Tourn. n9081"]
[Site "www.chess-mail.com"]
[Date "2016.12.31"]
[Round "1"]
[White "Falcoale"]
[Black "Attatroll"]
[WhiteElo "1900"]
[BlackElo "1970"]
[Result "1-0"]
[Round "1"]
1.e4 d6
2.d4 Ng8f6
3.Nb1c3 g6
4.Bf1d3 Bf8g7
5.Ng1f3 O-O
6.O-O c6
7.Rf1e1 Bc8g4
8.h3 Bg4xf3
9.Qd1xf3 Nb8d7
10.Bc1g5 h6
11.Bg5h4 g5
12.Bh4g3 e5
13.dxe5 Nd7xe5
14.Bg3xe5 dxe5
15.Ra1d1 Qd8b6
16.Rd1b1 Ra8d8
17.Qf3e2 Nf6d7
18.b4 Nd7f6
19.Nc3a4 Qb6d4
20.Na4c5 b6
21.Nc5b3 Qd4c3
22.Nb3d2 Rd8d7
23.Nd2f3 Nf6h5
24.Qe2d1 Nh5f4
25.Rb1b3 Nf4xd3
26.Rb3xc3 Nd3c5
27.Qd1b1 Nc5a4
28.Rc3xc6 Rf8d8
29.b5 f5
30.exf5 e4
31.Nf3h2 Na4c5
32.Nh2g4 h5
33.f6 Bg7f8
34.Ng4e5 Bf8d6
35.Ne5xd7 Rd8xd7
36.Re1d1 { resign }
1-0

[Event "Tourn. n9078"]
[Site "www.chess-mail.com"]
[Date "2016.12.31"]
[Round "1"]
[White "Falcoale"]
[Black "Julian"]
[WhiteElo "1900"]
[BlackElo "1900"]
[Result "1-0"]
[Round "1"]
1.e4 c5
2.Ng1f3 d6
3.b3 e6
4.Bf1d3 Nb8c6
5.O-O Ng8e7
6.Bc1b2 e5
7.c3 g6
8.Bd3c2 Bf8g7
9.Qd1e2 O-O
10.h3 h6
11.Nf3h2 Bc8e6
12.f4 exf4
13.Rf1xf4 Nc6e5
14.d3 f5
15.Nb1d2 fxe4
16.Rf4xf8 Qd8xf8
17.Nd2xe4 Ne7f5
18.Nh2f3 Nf5g3
19.Ne4xg3 Ne5xf3
20.gxf3 Be6xh3
21.Kh2 Bh3d7
22.Ra1e1 Ra8e8
23.Qe2d2 Qf8xf3
24.Re1xe8 Bd7xe8
25.Bc2d1 Bg7e5
26.Bd1xf3 { resign }
1-0

[Event "Tourn. n9098"]
[Site "www.chess-mail.com"]
[Date "2016.12.31"]
[Round "1"]
[White "Osopanda"]
[Black "Norlavuaram"]
[WhiteElo "2010"]
[BlackElo "2240"]
[Result "0-1"]
[Round "1"]
1.c4 g6
2.d4 Bf8g7
3.e4 d6
4.f4 Ng8f6
5.Nb1c3 O-O
6.Ng1f3 c5
7.d5 a6
8.Bf1d3 b5
9.cxb5 axb5
10.Nc3xb5 Bc8a6
11.Nb5c3 c4
12.Bd3c2 Nb8d7
13.O-O Nf6g4
14.h3 Qd8b6
15.Kh1 Ng4f2
16.Rf1xf2 Qb6xf2
17.Bc1d2 Ra8b8
18.Ra1b1 Qf2a7
19.Qd1e2 Nd7c5
20.Bd2e3 Qa7c7
21.e5 Rf8e8
22.Be3xc5 Qc7xc5
23.Nc3e4 Qc5xd5
24.Rb1d1 Qd5a5
25.a3 dxe5
26.Nf3xe5 c3
27.Ne5c4 Ba6xc4
28.Qe2xc4 cxb2
29.Ne4g5 e6
30.Rd1d7 b1Q
31.Bc2xb1 Rb8xb1
32.Kh2 Re8f8
33.Ng5xe6 fxe6
34.Qc4xe6 Kh8
35.Qe6e7 Qa5c3
36.Rd7d8 Rb1b8
37.Rd8d7 Qc3f6
38.Qe7xf6 Bg7xf6
39.g4 Bf6g7
40.f5 gxf5
41.gxf5 Rf8xf5
{ resign }
0-1